Anderlecht Biggest Transfers - Statistics

General Stats
  • This quiz has been taken 104 times
  • The average score is 73 of 199
Answer Stats
% Correct
Outgoings Belgium CM Youri Tielemans 17/18 Monaco
89%
Incomings Serbia ST Aleksandar Mitrovic 13/14 Partizan Belgrade
87%
Outgoings Serbia ST Aleksandar Mitrovic 15/16 Newcastle United
87%
Outgoings Belgium LW Jeremy Doku 20/21 Rennes
87%
Outgoings Belgium ST Romelu Lukaku 11/12 Chelsea
84%
Outgoings Belgium DM Leander Dendoncker 19/20 Wolverhampton Wanderers
81%
Outgoings Belgium DM Leander Dendoncker 18/19 Wolverhampton Wanderers
81%
Incomings Spain LB Sergio Gomez 21/22 Borussia Dortmund
81%
Outgoings Spain LB Sergio Gomez 22/23 Manchester City
81%
Incomings Portugal CB Josue Sa 17/18 Vitoria Guimaraes
80%
Incomings Denmark ST Kasper Dolberg 23/24 Nice
79%
Incomings Netherlands GK Bart Verbruggen 20/21 NAC Breda
77%
Outgoings Netherlands GK Bart Verbruggen 23/24 Brighton & Hove Albion
77%
Incomings Romania AM Nicolae Stanciu 16/17 Steaua Bucharest
75%
Outgoings Romania AM Nicolae Stanciu 17/18 Sparta Prague
75%
Incomings Belgium LW Thorgan Hazard 23/24 Borussia Dortmund
71%
Outgoings Belgium CM Albert Sambi Lokonga 21/22 Arsenal
67%
Incomings Italy ST Stefano Okaka 15/16 Sampdoria
67%
Outgoings Italy ST Stefano Okaka 16/17 Watford
67%
Incomings Denmark RW Anders Dreyer 22/23 Midtjylland
64%
Outgoings DR Congo CB Chancel Mbemba 15/16 Newcastle United
64%
Incomings DR Congo ST Dieumerci Mbokani 11/12 Monaco
64%
Outgoings DR Congo ST Dieumerci Mbokani 13/14 Dynamo Kyiv
64%
Incomings Morocco AM Moubarak Boussoufa 06/07 Gent
64%
Outgoings Morocco AM Moubarak Boussoufa 10/11 Anzhi Makhachkala
64%
Incomings Argentina ST Luis Vazquez 23/24 Boca Juniors
63%
Incomings Netherlands AM Michel Vlap 19/20 Heerenveen
63%
Outgoings Netherlands AM Michel Vlap 22/23 Twente
63%
Outgoings Belgium RW Alexis Saelemaekers 20/21 Milan
60%
Outgoings Belgium RW Alexis Saelemaekers 19/20 Milan
60%
Incomings Belgium DM Steven Defour 14/15 Porto
59%
Outgoings Belgium DM Steven Defour 16/17 Burnley
59%
Outgoings Belgium CB Vincent Kompany 06/07 Hamburg
59%
Outgoings Belgium CM Dennis Praet 16/17 Sampdoria
57%
Outgoings Belgium RW Julien Duranville 22/23 Borussia Dortmund
57%
Incomings Algeria AM Sofiane Hanni 16/17 Mechelen
55%
Outgoings Algeria AM Sofiane Hanni 17/18 Spartak Moscow
55%
Incomings Poland ST Lukasz Teodorczyk 17/18 Dynamo Kyiv
53%
Incomings Poland ST Lukasz Teodorczyk 16/17 Dynamo Kyiv
53%
Outgoings Poland ST Lukasz Teodorczyk 18/19 Udinese
53%
Outgoings Senegal DM Cheikhou Kouyate 14/15 West Ham United
52%
Incomings Argentina DM Lucas Biglia 06/07 Independiente
52%
Outgoings Argentina DM Lucas Biglia 13/14 Lazio
52%
Incomings Belgium GK Silvio Proto 05/06 La Louviere
52%
Incomings Argentina ST Matias Suarez 08/09 Belgrano
51%
Outgoings Argentina ST Matias Suarez 16/17 Belgrano
51%
Outgoings Panama RB Amir Murillo 23/24 Marseille
49%
Incomings Czech Republic ST Jan Koller 99/00 Lokeren
49%
Outgoings Czech Republic ST Jan Koller 01/02 Borussia Dortmund
49%
Incomings Belgium RB Louis Patris 23/24 OH Leuven
49%
Incomings Romania RW Alexandru Chipciu 16/17 Steaua Bucharest
48%
Incomings Ghana LW Frank Acheampong 13/14 Buriram United
47%
Outgoings Ghana LW Frank Acheampong 17/18 Tianjin TEDA
47%
Outgoings Ghana LW Frank Acheampong 17/18 Tianjin TEDA
47%
Incomings Croatia ST Ivan Santini 18/19 Caen
47%
Outgoings Croatia ST Ivan Santini 19/20 Jiangsu Suning
47%
Incomings Sweden CM Kristoffer Olsson 21/22 Krasnodar
47%
Outgoings Sweden CM Kristoffer Olsson 23/24 Midtjylland
47%
Outgoings Belgium CB Sebastiaan Bornauw 19/20 Koln
47%
Incomings Belgium ST Benito Raman 21/22 Schalke
45%
Incomings Belgium GK Hendrik Van Crombrugge 19/20 Eupen
45%
Outgoings Belgium GK Hendrik Van Crombrugge 23/24 Genk
45%
Incomings Senegal CB Kara Mbodj 15/16 Genk
45%
Incomings Jamaica ST Kemar Roofe 19/20 Leeds United
45%
Outgoings Jamaica ST Kemar Roofe 20/21 Rangers
45%
Incomings Gambia CB Bubacarr Sanneh 18/19 Midtjylland
44%
Outgoings Ireland CM Josh Cullen 22/23 Burnley
44%
Incomings Belgium ST Landry Dimata 19/20 Wolfsburg
43%
Outgoings Belgium ST Landry Dimata 21/22 Espanyol
43%
Incomings Belgium CM Sven Kums 17/18 Watford
43%
Outgoings Belgium CM Sven Kums 20/21 Gent
43%
Incomings France LW Alexis Flips 23/24 Reims
41%
Incomings Netherlands CB Bram Nuytinck 12/13 NEC Nijmegen
41%
Outgoings Netherlands CB Bram Nuytinck 17/18 Udinese
41%
Outgoings Belgium AM Enzo Scifo 87/88 Inter Milan
40%
Incomings Egypt LW Mahmoud Trezeguet 16/17 El Ahly
40%
Incomings Egypt LW Mahmoud Trezeguet 15/16 El Ahly
40%
Outgoings Egypt LW Mahmoud Trezeguet 18/19 Kasimpasa
40%
Incomings France GK Thomas Didillon 18/19 Metz
40%
Outgoings France GK Thomas Didillon 20/21 Cercle Brugge
40%
Incomings Belgium CB Elias Cobbaut 18/19 Mechelen
39%
Outgoings Belgium CB Elias Cobbaut 22/23 Parma
39%
Incomings Ghana CM Majeed Ashimeru 21/22 RB Salzburg
39%
Incomings Japan AM Ryota Morioka 17/18 Waasland-Beveren
39%
Outgoings Japan AM Ryota Morioka 19/20 Charleroi
39%
Incomings Sweden ST Isaac Kiese Thelin 17/18 Bordeaux
37%
Outgoings Sweden ST Isaac Kiese Thelin 18/19 Bayer Leverkusen
37%
Incomings Belgium DM Mats Rits 23/24 Club Brugge
37%
Outgoings Serbia GK Mile Svilar 17/18 Benfica
36%
Incomings Ecuador LW Nilson Angulo 22/23 LDU Quito
36%
Outgoings DR Congo DM Noah Sadiki 23/24 Union Saint-Gilloise
36%
Incomings Belgium ST Tom De Sutter 08/09 Cercle Brugge
36%
Outgoings Belgium ST Tom De Sutter 13/14 Club Brugge
36%
Incomings United States RW Kenny Saief 18/19 Gent
35%
Outgoings Belgium RW Massimo Bruno 14/15 RB Leipzig
35%
Incomings Madagascar CM Adrien Trebel 16/17 Standard Liege
33%
Outgoings Belgium AM Anouar Ait El Hadj 22/23 Genk
33%
Outgoings Canada ST Tomasz Radzinski 01/02 Everton
33%
Incomings Guinea DM Amadou Diawara 22/23 Roma
32%
Incomings France CB Sebastien De Maio 16/17 Genoa
32%
Outgoings France CB Sebastien De Maio 17/18 Bologna
32%
Outgoings France CB Sebastien De Maio 16/17 Fiorentina
32%
Outgoings Netherlands CB Wesley Hoedt 22/23 Watford
32%
Incomings Ivory Coast LW Christian Kouame 21/22 Fiorentina
31%
Incomings Sierra Leone RW Mustapha Bundu 20/21 Aarhus
31%
Incomings Argentina ST Nicolas Frutos 05/06 Independiente
31%
Incomings Bosnia CB Ognjen Vranjes 18/19 AEK Athens
31%
Outgoings Serbia CB Uros Spajic 18/19 Krasnodar
31%
Outgoings DR Congo DM Edo Kayembe 20/21 Eupen
29%
Incomings Wales CB James Lawrence 18/19 Trencin
29%
Incomings Jamaica LB Kemar Lawrence 19/20 New York Red Bulls
29%
Incomings Burundi ST Meme Tchite 06/07 Standard Liege
29%
Outgoings Burundi ST Meme Tchite 07/08 Racing Santander
29%
Outgoings Germany GK Timon Wellenreuther 23/24 Feyenoord
29%
Incomings Ivory Coast SS Aruna Dindane 00/01 ASEC Mimosas
28%
Outgoings Ivory Coast SS Aruna Dindane 05/06 Lens
28%
Incomings Belgium LM Bart Goor 05/06 Feyenoord
28%
Outgoings Belgium LM Bart Goor 01/02 Hertha Berlin
28%
Incomings France RB Dennis Appiah 16/17 Caen
28%
Outgoings Belgium CB Hannes Delcroix 23/24 Burnley
28%
Incomings Guinea ST Idrissa Sylla 14/15 Zulte Waregem
28%
Outgoings Guinea ST Idrissa Sylla 16/17 Queens Park Rangers
28%
Incomings Serbia LB Ivan Obradovic 15/16 Mechelen
28%
Incomings Hungary CB Roland Juhasz 05/06 MTK Budapest
28%
Incomings Belgium DM Guillaume Gillet 07/08 Gent
27%
Outgoings Belgium DM Guillaume Gillet 15/16 Nantes
27%
Outgoings Belgium ST Luc Nilis 94/95 PSV
27%
Incomings Austria CM Peter Zulj 18/19 Sturm Graz
27%
Incomings Belgium LW Zakaria Bakkali 18/19 Valencia
27%
Outgoings Nigeria LB Celestine Babayaro 97/98 Chelsea
25%
Outgoings Belgium RW Dodi Lukebakio 17/18 Charleroi
25%
Outgoings Belgium CB Jelle Van Damme 10/11 Wolverhampton Wanderers
25%
Incomings Belgium ST Mbo Mpenza 04/05 Excelsior Mouscron
25%
Incomings Venezuela AM Ronald Vargas 11/12 Club Brugge
25%
Outgoings Sweden LB Behrang Safari 13/14 Basel
24%
Outgoings Sweden RW Christian Wilhelmsson 06/07 Nantes
24%
Incomings Guinea AM Ibrahima Conte 14/15 Zulte Waregem
24%
Outgoings Guinea AM Ibrahima Conte 16/17 Oostende
24%
Incomings Belgium ST Marc Degryse 89/90 Club Brugge
24%
Outgoings Belgium ST Marc Degryse 95/96 Sheffield Wednesday
24%
Incomings Argentina CB Nicolas Pareja 06/07 Argentinos Juniors
24%
Outgoings Argentina CB Nicolas Pareja 08/09 Espanyol
24%
Incomings Belgium CM Pieter Gerkens 17/18 Sint-Truiden
24%
Outgoings Belgium RB Anthony Vanden Borre 07/08 Fiorentina
23%
Incomings Czech Republic DM Jan Polak 07/08 Nuremberg
23%
Outgoings Czech Republic DM Jan Polak 10/11 Wolfsburg
23%
Outgoings Belgium RW Jonathan Legear 11/12 Terek Grozny
23%
Incomings Serbia DM Luka Milivojevic 13/14 Crvena Zvezda
23%
Outgoings Serbia DM Luka Milivojevic 15/16 Olympiacos
23%
Incomings Ivory Coast LW Cyriac 12/13 Standard Liege
21%
Incomings Belgium ST David Pollet 13/14 Charleroi
21%
Outgoings Belgium ST David Pollet 14/15 Gent
21%
Incomings Serbia ST Nenad Jestrovic 01/02 Excelsior Mouscron
21%
Outgoings Serbia ST Nenad Jestrovic 05/06 Al-Ain
21%
Outgoings South Korea RW Seol Ki-Hyeon 04/05 Wolverhampton Wanderers
21%
Incomings Nigeria CM Ishaq Abdulrazak 22/23 Norrkoping
19%
Outgoings Brazil AM Kanu 12/13 Terek Grozny
19%
Incomings Ukraine DM Yevgen Makarenko 18/19 Kortrijk
19%
Outgoings Belgium ST Aaron Leya Iseka 18/19 Toulouse
17%
Incomings Romania AM Alin Stoica 96/97 Steaua Bucharest
17%
Incomings Belgium DM Aristote Nkaka 19/20 Oostende
17%
Outgoings France RB Maxime Colin 15/16 Brentford
17%
Incomings Czech Republic CB Ondrej Mazuch 10/11 Fiorentina
17%
Outgoings Czech Republic CB Ondrej Mazuch 11/12 Dnipro Dnipropetrovsk
17%
Incomings Senegal DM Stephane Badji 15/16 Istanbul Basaksehir
17%
Incomings France SS Cyril Thereau 07/08 Steaua Bucharest
16%
Incomings Finland CB Hannu Tihinen 02/03 Viking
16%
Incomings Argentina AM Hernan Losada 08/09 Germinal Beerschot
16%
Outgoings Belgium LW Roland Lamah 08/09 Le Mans
16%
Incomings Congo ST Silvere Ganvoula 16/17 Westerlo
16%
Outgoings Ivory Coast DM Cheik Tiote 08/09 Twente
15%
Incomings Spain AM Fede Vico 13/14 Cordoba
15%
Outgoings Belgium LM Johan Walem 97/98 Udinese
15%
Incomings Belgium ST Josip Weber 94/95 Cercle Brugge
15%
Outgoings Spain AM Juan Lozano 83/84 Real Madrid
15%
Outgoings Belgium ST Luis Oliveira 92/93 Cagliari
15%
Incomings Poland CB Michal Zewlakow 02/03 Excelsior Mouscron
15%
Outgoings Saudi Arabia CB Osama Hawsawi 12/13 Al-Ahli
13%
Incomings Ghana RB Denis Odoi 11/12 Sint-Truiden
12%
Incomings Norway ST Ole Martin Arst 97/98 Tromso
12%
Outgoings Argentina ST Pablo Chavarria 13/14 Lens
12%
Incomings Czech Republic RW Stanislav Vlcek 07/08 Slavia Prague
12%
Incomings Russia ST Dmitriy Bulykin 08/09 Bayer Leverkusen
11%
Incomings Belgium ST Erwin Vandenbergh 82/83 Lierse
11%
Outgoings Belgium LM Ludo Coeck 83/84 Inter Milan
11%
Incomings Czech Republic DM Lukas Marecek 09/10 Brno
11%
Outgoings Czech Republic DM Lukas Marecek 13/14 Sparta Prague
11%
Outgoings DR Congo CM Samuel Bastien 16/17 Chievo Verona
11%
Incomings Australia ST Clayton Zane 02/03 Lillestrom
9%
Outgoings Ivory Coast DM Idrissa Doumbia 18/19 Akhmat Grozny
9%
Outgoings Netherlands LW Peter van Vossen 93/94 Ajax
8%
Incomings Brazil AM Rafael Galhardo 15/16 Santos
8%
Incomings Belgium DM Yves Vanderhaeghe 00/01 Excelsior Mouscron
8%
Outgoings Morocco RW Nabil Jaadi 14/15 Udinese
7%
Outgoings Guinea ST Souleymane Youla 01/02 Genclerbirligi
7%
Incomings Belgium LM Marc Hendrikx 01/02 Genk
5%
Outgoings Greece ST Giannis Anastasiou 00/01 Roda
4%
Incomings Liberia ST James Debbah 97/98 Nice
3%
Incomings Netherlands ST John van Loen 90/91 Roda
3%
No matching quizzes found
Score Distribution
Percent of People with Each Score
Percentile by Number Answered
Your Score History
You have not taken this quiz